| 000 | 00575nam a22001937a 4500 | ||
|---|---|---|---|
| 999 |
_c138155 _d138155 |
||
| 005 | 20230501151706.0 | ||
| 010 | _aENG-117442 | ||
| 020 |
_a9789382623298 _c250.00 |
||
| 035 | _aEN-100974 | ||
| 037 | _bDBAD/PUB | ||
| 082 | _a921 | ||
| 100 | _aPalit, Chittabrata | ||
| 245 |
_aBidhan chandra Roy _cby Chittabrata Palit [and] Subrata Nandi |
||
| 260 |
_a Delhi _bTandrita Chandra Readers Service _c2013 |
||
| 270 |
_a59/5A, Garfa Main Road, _bKolkata _e700075 |
||
| 300 |
_a104p _c24cm(Hb) |
||
| 700 | _aNandi, Subrata | ||
| 942 |
_2ddc _cEN _mPAL _h921 |
||